Southville International School and Colleges
Your cart is empty.
  • Cart
  • Lists
    Public lists Eva Luna New books Lux_list list_1
    Your lists Log in to create your own lists
  • Log in to your account
  • Your cookies
  • Search history
Southville International School and Colleges
  • Advanced search
  • Recent comments
  • Most popular
  • Libraries

Log in to your account

Log in with GOOGLE


If you do not have an external account, but do have a local account, you can still log in:

  1. Home
  2. MARC view: The Fantastic stay-home-from school /
Normal view MARC view ISBD view

The Fantastic stay-home-from school / (Record no. 104480)

[ view plain ]
MARC details
000 -LEADER
fixed length control field 00663nam a2200181 a 4500
005 - DATE AND TIME OF LATEST TRANSACTION
control field 20140412111323.0
008 - FIXED-LENGTH DATA ELEMENTS--GENERAL INFORMATION
fixed length control field 001113s19uu xx 00 eng d
050 ## - LIBRARY OF CONGRESS CALL NUMBER
Classification number ER
Item number Fa11 1992
100 ## - MAIN ENTRY--PERSONAL NAME
Personal name Hayashi, Nancy
245 ## - TITLE STATEMENT
Title The Fantastic stay-home-from school /
Statement of responsibility, etc Nancy Hayashi.
260 ## - PUBLICATION, DISTRIBUTION, ETC. (IMPRINT)
Place of publication, distribution, etc New York :
Name of publisher, distributor, etc Dutton Children's Book,
Date of publication, distribution, etc 1992.
300 ## - PHYSICAL DESCRIPTION
Extent 106 p. ; ill.
520 ## - SUMMARY, ETC.
Summary, etc Best Friends Leon and Eddie plan a fantastic day at home, but it backfires when Eddie gets sent to school, and separately they go from disaster to disaster.
650 ## - SUBJECT ADDED ENTRY--TOPICAL TERM
Topical term or geographic name as entry element Humorous -- Stories
650 ## - SUBJECT ADDED ENTRY--TOPICAL TERM
Topical term or geographic name as entry element Friendship -- Fiction
650 ## - SUBJECT ADDED ENTRY--TOPICAL TERM
Topical term or geographic name as entry element Schools -- Fiction
Holdings
Withdrawn status Lost status Damaged status Use restrictions Home library Current library Shelving location Date acquired Source of acquisition Total Checkouts Full call number Barcode Date last seen Price effective from Koha item type
        Elizalde Library Elizalde Library Easy Reading Section 11/13/2000     ER Fa11 1992 E7992 04/12/2014 04/12/2014 Books

The Fantastic stay-home-from school /

APA

Hayashi N., . (1992). The Fantastic stay-home-from school. New York: Dutton Children's Book.

Chicago

Hayashi Nancy, . 1992. The Fantastic stay-home-from school. New York: Dutton Children's Book.

Harvard

Hayashi N., . (1992). The Fantastic stay-home-from school. New York: Dutton Children's Book.

MLA

Hayashi Nancy, . The Fantastic stay-home-from school. New York: Dutton Children's Book. 1992.

  • Place hold
  • Print
  • Cite
  • Add to your cart (remove)
  • Save record
    BIBTEX Dublin Core MARCXML MARC (non-Unicode/MARC-8) MARC (Unicode/UTF-8) MARC (Unicode/UTF-8, Standard) MODS (XML) RIS
  • More searches
    Search for this title in:
    Other Libraries (WorldCat) Other Databases (Google Scholar) Online Stores (Bookfinder.com) Open Library (openlibrary.org)

Exporting to Dublin Core...

SOUTHVILLE LIBRARY

Southville International School and Colleges Library

1281 Tropical Ave. Cor. Luxembourg St., BF Homes International, Las Pinas City

Tel. No. 8256374 / 252358 Loc. 117/146

Powered by Koha